000 00590nmm a2200193Ia 4500
008 251105s9999||||xx |||||||||||||||||und||
020 _a9788484896562
041 _aeng
100 _aResina, Joan Ramon
245 4 _aThe New Ruralism :
_b An Epistemology of Transformed Space
264 _a[Madrid, España] :
_bIberoamericana Vervuert,
_c2012
300 _a220 páginas
490 _a--Sin Colección
650 _aCultural Studies
700 _aResina, Joan Ramon
700 1 _a Viestenz, William (eds.)
856 _uhttps://public.digitaliapublishing.com/a/18453
942 _cCF
999 _c70432
_d70432